[Event "Match"]
[Site "www.echecsemail.com"]
[Date "2018.10.22"]
[Round "1"]
[White "Deneb"]
[Black "Storzman"]
[WhiteElo "1600"]
[BlackElo "1960"]
[Result "0-1"]
[Round "1"]
1.e4 e6
2.d4 d5
3.Nb1c3 Bf8b4
4.e5 c5
5.a3 Bb4xc3
6.bxc3 Ng8e7
7.Qd1g4 Qd8c7
8.Qg4xg7 Rh8g8
9.Qg7xh7 cxd4
10.Ng1e2 dxc3
11.f4 Nb8d7
12.Bc1e3 Nd7f8
13.Qh7d3 Bc8d7
14.Qd3xc3 Qc7xc3
15.Ne2xc3 Ra8c8
16.Kd2 a6
17.Be3f2 Bd7c6
18.Bf1d3 Rg8xg2
19.Ke1 Rg2g7
20.Nc3e2 Bc6b5
21.a4 Bb5xd3
22.cxd3 Ne7f5
23.Ra1b1 Rc8c7
24.h4 Nf8g6
25.h5 Ng6e7
26.Kd2 Kf8
27.Bf2b6 Rc7d7
28.h6 Rg7h7
29.Ne2c1 d4
30.Nc1b3 Rh7xh6
31.Nb3c5 Rd7d5
32.Nc5e4 Rh6xh1
33.Rb1xh1 Kg7
34.Rh1g1 Kh6
 { time }
0-1

[Event "Match"]
[Site "www.echecsemail.com"]
[Date "2018.10.22"]
[Round "1"]
[White "Zack1984"]
[Black "Chapi"]
[WhiteElo "1450"]
[BlackElo "2070"]
[Result "1-0"]
[Round "1"]
1.e4 c5
2.d4 cxd4
3.c3 g6
4.cxd4 Bf8g7
5.e5 d6
6.Bf1c4 dxe5
7.Qd1b3 e6
8.dxe5 Bg7xe5
9.Ng1f3 Be5g7
10.O-O Ng8e7
11.Nb1c3 O-O
12.Bc1g5 Qd8c7
13.Nc3b5 Qc7c5
14.Bg5e3 Qc5h5
15.Nb5c7 b6
16.Nc7xa8 Bc8b7
17.Na8c7 Bb7xf3
18.Nc7xe6 Bg7e5
19.Be3f4 Be5xf4
20.Ne6xf4 Qh5g4
21.Qb3xf3 Qg4xf3
22.gxf3 Nb8c6
23.Rf1e1 Ne7f5
24.Bc4d5 Nc6d4
25.Ra1c1 Rf8d8
26.Rc1c7 Rd8xd5
27.Nf4xd5 Nd4xf3
28.Kf1 Nf3xe1
29.Kxe1 Nf5d4
30.Rc7xa7 Nd4f3
31.Ke2 Nf3xh2
32.a4 Nh2g4
33.Nd5xb6 Ng4e5
34.Ra7c7 { resign }
1-0

[Event "Tourn. n9959"]
[Site "www.echecsemail.com"]
[Date "2018.10.22"]
[Round "1"]
[White "Drill64"]
[Black "Cal"]
[WhiteElo "1849"]
[BlackElo "1680"]
[Result "1-0"]
[Round "1"]
1.e4 e5
2.Ng1f3 d6
3.d4 exd4
4.Qd1xd4 Nb8c6
5.Bf1b5 Bc8d7
6.Bb5xc6 Bd7xc6
7.Nb1c3 h6
8.Bc1f4 Bf8e7
9.Qd4xg7 Be7f6
10.Qg7g3 Qd8e7
11.Nf3d2 O-O-O
12.O-O-O Bf6xc3
13.Qg3xc3 a6
14.Qc3xh8 h5
15.Qh8xh5 Ng8f6
16.Qh5h4 Qe7e6
17.Kb1 Bc6xe4
18.Bf4g5 Be4xg2
19.Rh1g1 Qe6d5
20.Bg5xf6 Rd8g8
21.b3 Qd5f5
22.Nd2c4 b6
23.Nc4e3 Qf5f3
24.Bf6b2 Kb7
25.Qh4d4 f5
26.Ne3xg2 Rg8d8
27.Qd4d5 Qf3xd5
28.Rd1xd5 c6
29.Rd5xf5 c5
30.c4 b5
31.Ng2e3 b4
32.Rg1g7 Kc6
33.Ne3d5 Rd8h8
34.Rg7c7 { resign }
1-0

[Event "Tourn. n9898"]
[Site "www.echecsemail.com"]
[Date "2018.10.22"]
[Round "1"]
[White "Alekpax"]
[Black "Krystek23"]
[WhiteElo "2410"]
[BlackElo "2520"]
[Result "0-1"]
[Round "1"]
1.e4 c5
2.Ng1f3 e6
3.Nb1c3 Nb8c6
4.d4 cxd4
5.Nf3xd4 Qd8c7
6.f4 a6
7.Bf1e2 b5
8.Nd4xc6 dxc6
9.Bc1e3 Ng8f6
10.O-O Bf8e7
11.e5 Nf6d5
12.Nc3xd5 cxd5
13.c3 O-O
14.Be3d4 Bc8d7
15.Qd1d2 Rf8c8
16.a3 Be7c5
17.Rf1c1 a5
18.Qd2e3 g6
19.Kf2 Bc5xd4
20.cxd4 Qc7d8
21.b3 b4
22.a4 Qd8b6
23.Rc1c5 Rc8xc5
24.dxc5 Qb6d8
25.g3 Bd7c6
26.Qe3d4 Kg7
27.Ra1c1 Ra8c8
28.Be2b5 Qd8d7
29.Bb5e2 h5
30.h4 Qd7b7
31.Ke1 Qb7c7
32.Kf2 Rc8b8
33.Kg2 Rb8d8
34.Kf3 Qc7a7
35.Ke3 Rd8b8
36.Be2d3 Rb8c8
37.Kf3 Qa7e7
38.Bd3e2 Rc8c7
39.Ke3 Qe7e8
40.Kd2 Qe8b8
41.Ke3 Qb8a7
42.Kd2 Rc7c8
43.Kc2 Rc8d8
44.Be2d3 Rd8c8
45.Kd2 Rc8a8
46.Ke2 Qa7c7
 { time }
0-1

[Event "Match"]
[Site "www.echecsemail.com"]
[Date "2018.10.22"]
[Round "1"]
[White "Zack1984"]
[Black "Deneb"]
[WhiteElo "1370"]
[BlackElo "2200"]
[Result "1-0"]
[Round "1"]
1.b4 e5
2.Bc1b2 Bf8xb4
3.Bb2xe5 Ng8f6
4.Ng1f3 O-O
5.e3 d5
6.c4 Bc8f5
7.a3 Bb4d6
8.d4 Nb8d7
9.Bf1d3 Bf5xd3
10.Qd1xd3 dxc4
11.Qd3xc4 Nd7b6
12.Qc4c2 Bd6xe5
13.dxe5 Nf6d7
14.O-O c6
15.a4 Qd8e7
16.a5  { time }
1-0

[Event "Match"]
[Site "www.echecsemail.com"]
[Date "2018.10.22"]
[Round "1"]
[White "Gidgud"]
[Black "Alessiov"]
[WhiteElo "2330"]
[BlackElo "2490"]
[Result "1-0"]
[Round "1"]
1.e4 e5
2.Ng1f3 Nb8c6
3.Bf1c4 Ng8f6
4.Nf3g5 d5
5.exd5 Nc6a5
6.Bc4b5 c6
7.dxc6 bxc6
8.Qd1f3 Bf8e7
9.b4 Ra8b8
10.Bb5xc6 Na5xc6
11.Qf3xc6 Nf6d7
12.Ng5e4 Rb8b6
13.Qc6d5 Bc8b7
14.Qd5d3 Rb6xb4
15.Nb1c3 O-O
16.O-O Rb4d4
17.Qd3e2 f5
18.Ne4g3  { time }
1-0

[Event "Tourn. n9947"]
[Site "www.echecsemail.com"]
[Date "2018.10.22"]
[Round "1"]
[White "Gandalf50"]
[Black "Ff333"]
[WhiteElo "2150"]
[BlackElo "2070"]
[Result "1-0"]
[Round "1"]
1.c4 e5
2.Ng1f3 e4
3.Nf3d4 Bf8c5
4.e3 d6
5.Nb1c3 f5
6.d3 Ng8f6
7.Nd4b3 Bc5b4
8.Bc1d2 O-O
9.d4 Nb8c6
10.a3 Bb4xc3
11.Bd2xc3 a6
12.Bf1e2 d5
13.c5 b6
14.cxb6 cxb6
15.O-O a5
16.Ra1c1 Bc8a6
17.Be2xa6 Ra8xa6
18.Bc3d2 b5
19.Nb3c5 Ra6a8
20.Nc5e6 Qd8d6
21.Ne6xf8 Kxf8
22.Qd1c2 Nc6e7
23.Qc2c7 Qd6a6
24.Qc7c2 Ra8c8
25.Qc2b1 Rc8c4
26.b3 Rc4c6
27.Rc1xc6 Ne7xc6
28.Rf1c1 b4
29.a4 Nf6d7
30.Qb1c2 Nd7b8
31.Qc2c5 Kg8
32.Qc5xd5 Kh8
33.Qd5xf5 h6
34.Qf5xe4 Qa6e2
35.Bd2e1 Qe2b2
36.Qe4c2 { resign }
1-0

[Event "Match"]
[Site "www.echecsemail.com"]
[Date "2018.10.22"]
[Round "1"]
[White "Apdash"]
[Black "Chapi"]
[WhiteElo "2240"]
[BlackElo "2040"]
[Result "1-0"]
[Round "1"]
1.e4 c5
2.Ng1f3 Nb8c6
3.d4 cxd4
4.Nf3xd4 g6
5.c3 Bf8g7
6.Bc1e3 Ng8f6
7.Bf1d3 Nf6g4
8.Qd1xg4 d5
9.Nd4xc6 bxc6
10.Qg4f3 O-O
11.Nb1d2 Ra8b8
12.Nd2b3 Bc8e6
13.Be3xa7 Rb8b7
14.Ba7c5 Qd8a8
15.O-O Rf8b8
16.h4 Qa8a4
17.Bc5b4 h5
18.Nb3c5 { resign }
1-0

[Event "Tourn. n9883"]
[Site "www.echecsemail.com"]
[Date "2018.10.22"]
[Round "1"]
[White "Stepanpech"]
[Black "Alekpax"]
[WhiteElo "2480"]
[BlackElo "2310"]
[Result "1-0"]
[Round "1"]
1.e4 e5
2.Ng1f3 Nb8c6
3.Bf1b5 Ng8f6
4.O-O Nf6xe4
5.d4 Ne4d6
6.Bb5xc6 dxc6
7.dxe5 Nd6f5
8.Qd1xd8 Kxd8
9.Nb1c3 Bc8d7
10.h3 b6
11.a4 a5
12.Nf3g5 Bd7e8
13.g4 Nf5h4
14.f4 h6
15.Ng5e4 Nh4g6
16.Ne4g3 Kc8
17.Rf1d1 c5
18.b3 Ng6e7
19.Bc1b2 Kb7
20.Nc3b5 Be8c6
21.Ng3h5 Rh8h7
22.Rd1d2 Ne7g8
23.Ra1d1 g6
24.Nh5g3 Ra8c8
25.Rd2d8 Ng8e7
26.c4 h5
27.Rd8xc8 Ne7xc8
28.g5 Bf8g7
29.Ng3f1 Nc8e7
30.Nf1e3 Rh7h8
31.h4  { time }
1-0

[Event "Tourn. n9957"]
[Site "www.echecsemail.com"]
[Date "2018.10.23"]
[Round "1"]
[White "Bojan"]
[Black "Andychesston"]
[WhiteElo "1940"]
[BlackElo "2090"]
[Result "0-1"]
[Round "1"]
1.e4 e5
2.Ng1f3 Nb8c6
3.d4 exd4
4.Nf3xd4 d6
5.Nd4xc6 bxc6
6.Bf1c4 Qd8h4
7.Qd1f3 Ng8f6
8.g3 Qh4xe4
9.Qf3xe4 Bf8e7
10.Bc1g5 Nf6xe4
11.Bg5xe7 Kxe7
12.f3 d5
13.Bc4d3 Ne4g5
14.h4 Ng5xf3
15.Kf2 Nf3e5
16.Rh1e1 Kd6
17.Bd3f1 Ne5g4
18.Kg1 Bc8e6
19.Nb1d2 h6
20.Bf1h3 g5
21.Nd2f3 gxh4
22.Re1xe6 fxe6
23.Bh3xg4 Rh8g8
24.Bg4h5 Rg8xg3
25.Kh2 Ra8f8
26.Nf3xh4 Rg3g5
27.Bh5f3 Rf8f4
28.Kh3 Rg5e5
29.Kg3 Rf4c4
30.c3 Re5g5
31.Kh3 e5
32.Bf3e2 Rc4e4
33.Be2f3 Re4e3
34.Kh2 e4
35.Bf3d1 Re3e1
36.Nh4g2 Re1f1
37.Ra1c1 Ke5
38.Ng2e3 Rf1f2
39.Kh3 Rf2xb2
40.a4 Kf4
41.Ne3g4 Rg5h5
{ resign }
0-1

[Event "Match"]
[Site "www.echecsemail.com"]
[Date "2018.10.23"]
[Round "1"]
[White "Ericleo1980"]
[Black "Deneb"]
[WhiteElo "2000"]
[BlackElo "1600"]
[Result "1-0"]
[Round "1"]
1.e4 e5
2.Ng1f3 Nb8c6
3.Bf1b5 a6
4.Bb5a4 Ng8f6
5.O-O Bf8e7
6.Rf1e1 b5
7.Ba4b3 O-O
8.c3 d5
9.exd5 Nf6xd5
10.Nf3xe5 Nc6xe5
11.Re1xe5 c6
12.d4 Be7d6
13.Re5e1 Qd8h4
14.g3 Qh4h3
15.Qd1f3 Bc8g4
16.Qf3g2 Qh3h5
17.Nb1d2 Rf8e8
18.Re1xe8 Ra8xe8
19.f3 Re8e1
20.Kf2 Bg4h3
21.Qg2xh3 Qh5xh3
22.Kxe1 Qh3xh2
23.Bb3xd5 Qh2xg3
24.Kd1 cxd5
25.b4 h5
26.Bc1b2 h4
27.Kc2  { time }
1-0

[Event "Match"]
[Site "www.echecsemail.com"]
[Date "2018.10.23"]
[Round "1"]
[White "Gilliere"]
[Black "Pinehill"]
[WhiteElo "1980"]
[BlackElo "2060"]
[Result "0-1"]
[Round "1"]
1.e4 d5
2.exd5 Ng8f6
3.d4 Qd8xd5
4.Nb1c3 Qd5d8
5.Ng1f3 Bc8g4
6.h3 Bg4f5
7.Bc1g5 Nb8d7
8.Bf1c4 e6
9.Nf3e5 Nd7xe5
10.dxe5 Qd8xd1
11.Ra1xd1 Nf6d7
12.Bc4d3 Bf5xd3
13.cxd3 Nd7xe5
14.Bg5f4 Bf8d6
15.d4 Ne5f3
16.gxf3 Bd6xf4
17.Nc3e2 Bf4g5
18.h4 Bg5f6
19.h5 O-O-O
20.f4 Rd8d7
21.Rh1h3 Rh8d8
22.Rh3d3 c5
23.b3 cxd4
24.Rd1c1 Kb8
25.Rc1c4 e5
26.fxe5 Bf6xe5
27.f4 Be5f6
28.Kd2 g5
29.fxg5 Bf6xg5
30.Kc2 Bg5e3
31.Rc4c5 Rd7d5
32.Rc5xd5 Rd8xd5
33.h6 Rd5c5
34.Kb2 Rc5d5
35.a4 Rd5h5
36.Ne2xd4 Be3xd4
37.Rd3xd4 Rh5xh6
38.Rd4d8 Kc7
39.Rd8d2 Rh6g6
40.Rd2f2 Rg6g7
41.Ka3 h5
42.Rf2h2 Rg7g5
43.Rh2h4 a5
44.Rh4f4 f5
45.Rf4c4 Kd6
46.Rc4d4 Ke5
47.Rd4d7 b6
48.Rd7e7 Kd6
49.Re7e8 h4
50.Re8h8 Rg5g4
51.Rh8h6 Kc5
52.Rh6h8 f4
53.Rh8c8 Kd4
54.Rc8d8 Ke3
55.Rd8e8 Kf2
56.Re8b8 h3
57.Rb8xb6 h2
58.Rb6h6 Kg2
{ resign }
0-1

[Event "Tourn. n9966"]
[Site "www.echecsemail.com"]
[Date "2018.10.23"]
[Round "1"]
[White "Luciano59"]
[Black "Rons"]
[WhiteElo "2400"]
[BlackElo "2660"]
[Result "1/2-1/2"]
[Round "1"]
1.e4 c5
2.Ng1f3 d6
3.d4 cxd4
4.Nf3xd4 Ng8f6
5.Nb1c3 a6
6.Bc1e3 e5
7.Nd4b3 Bc8e6
8.f3 h5
9.Qd1d2 Nb8d7
10.O-O-O Ra8c8
11.Kb1 Bf8e7
12.Nc3d5 Be6xd5
13.exd5 Nd7b6
14.Be3xb6 Qd8xb6
15.Bf1d3 g6
16.Rh1e1 Nf6d7
17.g3 Kf8
18.c3 Kg7
19.f4 f5
20.h3 Be7f6
21.g4 e4
22.g5 Bf6d8
23.Bd3c2 Nd7c5
24.Nb3d4 a5
25.h4 a4
26.a3 { draw }
1/2-1/2

[Event "Tourn. n9957"]
[Site "www.echecsemail.com"]
[Date "2018.10.23"]
[Round "1"]
[White "Bojan"]
[Black "Pariolinius"]
[WhiteElo "1960"]
[BlackElo "1840"]
[Result "0-1"]
[Round "1"]
1.e4 c6
2.Ng1f3 g6
3.c3 Bf8g7
4.d4 Ng8f6
5.Bf1e2 Nf6xe4
6.Be2d3 d5
7.h3 O-O
8.Nb1d2 Bc8f5
9.Bd3c2 e5
10.Nf3h4 Qd8xh4
11.Qd1f3 Ne4g5
12.Qf3e3 Bf5xc2
13.g3 exd4
14.Qe3xd4 Qh4xd4
15.cxd4 Bg7xd4
16.O-O Ng5xh3
17.Kg2 Nh3g5
18.f4 Ng5e4
19.Nd2f3 Bd4b6
20.a4 Nb8d7
21.b4 Nd7f6
22.Ra1a2 Bc2d3
23.a5 Bb6c7
24.Rf1d1 Ne4c3
25.Rd1xd3 Nc3xa2
26.Bc1d2 Bc7d6
27.Rd3b3 Nf6e4
28.Bd2e3 Na2xb4
29.Nf3e5 Bd6xe5
30.Rb3xb4 Be5c3
31.Rb4xb7 Bc3xa5
32.Rb7b2 c5
33.Rb2b5 Ba5b6
34.Rb5b2 d4
35.Be3c1 c4
{ resign }
0-1

[Event "Match"]
[Site "www.echecsemail.com"]
[Date "2018.10.23"]
[Round "1"]
[White "Apdash"]
[Black "Geodad5"]
[WhiteElo "2260"]
[BlackElo "2120"]
[Result "1-0"]
[Round "1"]
1.e4 c5
2.Ng1f3 d6
3.d4 cxd4
4.Nf3xd4 Nb8c6
5.Bf1b5 Bc8d7
6.Nd4xc6 bxc6
7.Bb5c4 g6
8.Nb1c3 Bf8g7
9.Qd1f3 Ng8f6
10.h3 O-O
11.O-O e6
12.Bc1g5 h6
13.Bg5h4 g5
14.Bh4g3 e5
15.Ra1d1 Qd8c7
16.Qf3d3 Nf6e8
17.Bc4b3 Kh7
18.h4 f6
19.Nc3e2 Bd7g4
20.f3 Bg4h5
21.hxg5 fxg5
22.Bg3f2 Rf8f6
23.Ne2g3 Bh5g6
24.Qd3c4 Bg6f7
25.Qc4d3 Bf7g6
26.Ng3f5 Bg6xf5
27.exf5 d5
28.c3 Qc7f7
29.g4 Rf6d6
30.f6 Kg8
31.fxg7 Ne8xg7
32.c4 Ra8d8
33.cxd5 cxd5
34.Bf2g3 Qf7e6
35.Rd1e1 Kh8
36.Bg3xe5 Qe6d7
37.Bb3c2 { resign }
1-0

[Event "Tourn. n9876"]
[Site "www.echecsemail.com"]
[Date "2018.10.23"]
[Round "1"]
[White "Jazzy"]
[Black "Tartan"]
[WhiteElo "2270"]
[BlackElo "2540"]
[Result "0-1"]
[Round "1"]
1.Ng1f3 Ng8f6
2.Nb1c3 d5
3.d4 Bc8f5
4.e3 e6
5.Nf3e5 Bf8b4
6.Bc1d2 Nb8d7
7.Bf1d3 Bf5xd3
8.cxd3 O-O
9.O-O c5
10.Ne5f3 cxd4
11.Nf3xd4 Nd7e5
12.Bd2e1 Ra8c8
13.Nd4e2 Bb4e7
14.d4 Ne5c4
15.Ra1b1 Nf6g4
16.Be1d2 Be7g5
17.Qd1c1 Qd8c7
18.g3 Ng4f6
19.b3 Nc4d6
20.f3 b5
21.Qc1b2 Nf6d7
22.f4 Bg5e7
23.Rf1c1 Qc7b7
24.Rc1c2 b4
25.Nc3d1 Rc8xc2
26.Qb2xc2 Qb7b5
27.Bd2e1 Rf8c8
28.Qc2b2 Nd6e4
29.Nd1f2 Ne4xf2
30.Kxf2 Nd7f6
31.h3 Nf6e4
32.Kf3 Qb5d3
{ resign }
0-1

[Event "Tourn. n9904"]
[Site "www.echecsemail.com"]
[Date "2018.10.23"]
[Round "1"]
[White "Ditto"]
[Black "Odin"]
[WhiteElo "1880"]
[BlackElo "1920"]
[Result "0-1"]
[Round "1"]
1.e4 e5
2.Ng1f3 Nb8c6
3.Bf1b5 Nc6d4
4.Nf3xd4 exd4
5.d3 c6
6.Bb5c4 b5
7.Bc4b3 Bf8b4
8.c3 dxc3
9.bxc3 Bb4d6
10.Bc1e3 Ng8f6
11.Be3g5 Bd6e7
12.O-O Bc8b7
13.Nb1d2 a5
14.Nd2f3 d6
15.Bg5e3 O-O
16.Be3f4 h6
17.d4 c5
18.d5 Nf6xe4
19.Rf1e1 Ne4xc3
20.Qd1d2 c4
21.Qd2xc3 cxb3
22.Qc3xb3 Be7f6
23.Ra1b1 Bb7a6
24.Qb3a3 b4
25.Qa3b3 Ra8c8
26.Nf3d2 Rc8c3
27.Qb3a4 Rc3a3
28.Qa4c2 Ra3c3
29.Qc2e4 Ba6d3
30.Qe4f3 Bd3xb1
31.Re1xb1 Rc3xf3
32.Nd2xf3 Rf8e8
33.h3 Re8e2
34.Bf4d2 Qd8b6
35.Bd2e3 Re2xe3
36.fxe3 Qb6xe3
37.Kh1 Qe3e4
38.Rb1e1 Qe4xd5
39.Re1e8 Kh7
40.Re8e2 Bf6h4
41.Nf3xh4 Qd5d1
{ resign }
0-1

[Event "Tourn. n9975"]
[Site "www.echecsemail.com"]
[Date "2018.10.23"]
[Round "1"]
[White "Apdash"]
[Black "Luban"]
[WhiteElo "2240"]
[BlackElo "2050"]
[Result "1-0"]
[Round "1"]
1.e4 c6
2.d4 d5
3.exd5 cxd5
4.c4 dxc4
5.Nb1c3 Ng8f6
6.Bf1xc4 e6
7.Bc1g5 Bf8e7
8.Ng1f3 a6
9.Qd1e2 b5
10.Bc4b3 Bc8b7
11.Ra1d1 O-O
12.O-O Rf8e8
13.Rf1e1 h6
14.Bg5h4 Nf6d5
15.Bh4xe7 Re8xe7
16.Qe2e5 Nd5xc3
17.bxc3 Bb7xf3
18.gxf3 Nb8c6
19.Qe5e4 Qd8d5
20.Bb3xd5 { resign }
1-0

[Event "Tourn. n9899"]
[Site "www.echecsemail.com"]
[Date "2018.10.23"]
[Round "1"]
[White "Ditto"]
[Black "Francesco"]
[WhiteElo "1880"]
[BlackElo "1840"]
[Result "0-1"]
[Round "1"]
1.e4 c6
2.Ng1f3 d5
3.exd5 cxd5
4.d4 Bc8g4
5.Bc1e3 e6
6.Bf1b5 Nb8d7
7.Nb1d2 Ng8f6
8.c3 a6
9.Bb5a4 b5
10.Ba4c2 Bf8d6
11.Be3g5 O-O
12.O-O Ra8c8
13.Rf1e1 Qd8c7
14.Qd1e2 Bd6xh2
15.Kf1 Bh2d6
16.Qe2d3 Bg4f5
17.Qd3e3 Bf5xc2
18.b3 Bc2g6
19.Nf3h4 Qc7xc3
20.Qe3xc3 Rc8xc3
21.Nd2f3 Rf8c8
22.Bg5d2 Rc3c2
23.Bd2e3 Bg6d3
24.Kg1 Nf6g4
25.Be3d2 h6
26.g3 Bd3e4
27.b4 g5
28.Nf3e5 Ng4xe5
29.dxe5 Bd6xe5
30.Ra1c1 gxh4
31.Bd2xh6 Rc2xc1
32.Re1xc1 Rc8xc1
33.Kh2 hxg3
34.fxg3 Rc1c2
35.Kh3 Be4f5
{ resign }
0-1

[Event "1/128 Finale"]
[Site "www.chess-mail.com"]
[Date "2018.10.23"]
[Round "1"]
[White "Gvladutz"]
[Black "Minorsana"]
[WhiteElo "2460"]
[BlackElo "1459"]
[Result "1-0"]
[Round "1"]
1.e4 e5
2.Ng1f3 Nb8c6
3.Bf1b5 a6
4.Bb5a4 Ng8f6
5.O-O Bf8e7
6.Nb1c3 b5
7.Ba4b3 d6
8.d3 Nc6a5
9.h3 O-O
10.Nc3e2 c5
11.Ne2g3 Qd8c7
12.Bc1d2 Bc8d7
13.Nf3h4 g6
14.Nh4f3 Rf8c8
15.Bb3d5 Nf6xd5
16.exd5 Na5b7
17.Rf1e1 f5
18.c4 bxc4
19.dxc4 Nb7d8
20.Bd2g5 Be7xg5
21.Nf3xg5 h6
22.Ng5f3  { time }
1-0

[Event "Tourn. n9967"]
[Site "www.echecsemail.com"]
[Date "2018.10.24"]
[Round "1"]
[White "Bira47"]
[Black "Bojan"]
[WhiteElo "2060"]
[BlackElo "1890"]
[Result "1-0"]
[Round "1"]
1.b3 c5
2.Bc1b2 d5
3.g3 Bc8d7
4.Bf1g2 Bd7c6
5.d4 e6
6.c3 Qd8a5
7.Nb1d2 cxd4
8.cxd4 Bf8b4
9.Ng1f3 Ng8f6
10.O-O g5
11.a3 Bb4d6
12.b4 Qa5d8
13.Ra1c1 h6
14.h3 Nb8d7
15.Nd2b3 Nd7b6
16.Nb3a5 Qd8d7
17.Na5xc6 bxc6
18.Nf3e5 Bd6xe5
19.dxe5 Nf6h5
20.e4 Nh5g7
21.exd5 cxd5
22.Bb2d4 Ng7f5
23.Bd4c5 Nb6a4
24.Qd1d2 Ra8c8
25.g4 Nf5h4
26.Bg2h1 Qd7b5
27.f4 Na4xc5
28.bxc5 Rc8xc5
29.Rc1b1 Qb5a4
30.Rb1b8 Ke7
31.Rb8xh8 Qa4xa3
32.fxg5 Qa3g3
33.Bh1g2 Rc5c1
34.Qd2b4 Kd7
35.Qb4d6 
1-0

[Event "Match"]
[Site "www.echecsemail.com"]
[Date "2018.10.24"]
[Round "1"]
[White "Alessiov"]
[Black "Witpar"]
[WhiteElo "2260"]
[BlackElo "2700"]
[Result "0-1"]
[Round "1"]
1.e4 c5
2.Ng1f3 e6
3.d4 cxd4
4.Nf3xd4 a6
5.Nb1c3 b5
6.Bf1d3 Qd8b6
7.Nd4f3 Qb6c7
8.O-O Bc8b7
9.Rf1e1 Bf8e7
10.e5 f5
11.Nf3d4 g6
12.a4 Nb8c6
13.Nd4xc6 Qc7xc6
14.Bd3f1 b4
15.Nc3a2 Be7c5
16.a5 Ng8e7
17.c3 bxc3
18.Na2xc3 Ne7d5
19.Nc3a4 Qc6c7
20.Na4xc5 Qc7xc5
21.Bc1h6 Bb7c6
22.b3 Rh8g8
23.h4 Qc5e7
24.Bh6g5 Qe7f8
25.Qd1c1 Kf7
26.Bf1c4 Qf8b4
27.Re1d1 Rg8c8
28.h5 gxh5
 { time }
0-1

[Event "Tourn. n9898"]
[Site "www.echecsemail.com"]
[Date "2018.10.24"]
[Round "1"]
[White "Numanoid"]
[Black "Sbb"]
[WhiteElo "2520"]
[BlackElo "2720"]
[Result "0-1"]
[Round "1"]
1.e4 e5
2.Ng1f3 Nb8c6
3.d4 exd4
4.Nf3xd4 Ng8f6
5.Nd4xc6 bxc6
6.e5 Qd8e7
7.Qd1e2 Nf6d5
8.h4 Qe7e6
9.g3 d6
10.c4 Nd5b6
11.Bf1g2 dxe5
12.O-O Nb6xc4
13.Nb1c3 Bc8b7
14.Nc3e4 h6
15.Bc1e3 f5
16.Ne4c5 Bf8xc5
17.Be3xc5 O-O-O
18.Rf1c1 Rd8d2
19.Qe2f1 Rd2d5
20.Bc5xa7 Nc4d2
21.Qf1e1 e4
22.Ba7e3 Nd2f3
23.Bg2xf3 exf3
24.Rc1c5 f4
25.Rc5xd5 fxe3
26.Rd5c5 e2
27.Qe1c3 Rh8d8
28.Kh2 Rd8d1
29.Qc3xf3 Qe6f6
30.Rc5f5 c5
31.Qf3g4 h5
{ resign }
0-1

[Event "Tourn. n9984"]
[Site "www.echecsemail.com"]
[Date "2018.10.24"]
[Round "1"]
[White "Apdash"]
[Black "Fantomas"]
[WhiteElo "2260"]
[BlackElo "2150"]
[Result "1-0"]
[Round "1"]
1.e4 e5
2.Ng1f3 Nb8c6
3.Bf1b5 a6
4.Bb5a4 Ng8e7
5.d4 b5
6.Ba4b3 exd4
7.Nf3xd4 Nc6a5
8.c3 Na5xb3
9.axb3 d6
10.Bc1g5 Qd8d7
11.O-O h6
12.Bg5xe7 Bf8xe7
13.Qd1e2 Be7f6
14.Nb1d2 Qd7g4
15.f3 Qg4g6
16.Nd4xb5 Bf6d8
17.Nb5d4 O-O
18.b4 c5
19.bxc5 dxc5
20.Nd4c2 Bd8c7
21.Nc2e3 Qg6h5
22.g4 Qh5g5
23.Ne3d5 Bc7d8
24.Qe2e3 Qg5g6
25.Rf1f2 Rf8e8
26.Qe3xc5 Bc8b7
27.Nd2c4 Ra8c8
28.Qc5d4 Bd8h4
29.Rf2g2 Qg6e6
30.Nc4e3 Re8d8
31.c4 Bh4g5
32.Ra1d1 Kf8
33.b3 Bg5f6
34.Qd4d2 Bf6e5
35.Qd2b4 { resign }
1-0

[Event "Tourn. n9963"]
[Site "www.echecsemail.com"]
[Date "2018.10.24"]
[Round "1"]
[White "Mitja"]
[Black "Hundegana"]
[WhiteElo "1960"]
[BlackElo "2040"]
[Result "1/2-1/2"]
[Round "1"]
1.d4 c5
2.dxc5 e5
3.e3 Bf8xc5
4.c3 Ng8f6
5.Nb1d2 O-O
6.Bf1c4 d5
7.Bc4b3 Qd8d7
8.Ng1e2 Qd7g4
9.O-O e4
10.h3 Qg4g5
11.Ne2g3 h5
12.Kh1 h4
13.Ng3e2 Nb8c6
14.Ne2f4 Nc6e7
15.Bb3c2 Ne7g6
16.Nf4xg6 fxg6
17.Nd2b3 Bc5b6
{ draw }
1/2-1/2

[Event "Tourn. n9944"]
[Site "www.echecsemail.com"]
[Date "2018.10.24"]
[Round "1"]
[White "Seger"]
[Black "Coolant"]
[WhiteElo "2840"]
[BlackElo "2310"]
[Result "1-0"]
[Round "1"]
1.d4 Ng8f6
2.c4 c5
3.d5 g6
4.Nb1c3 d6
5.e4 Bf8g7
6.Ng1e2 O-O
7.Ne2g3 e6
8.Bf1e2 exd5
9.cxd5 a6
10.a4 Rf8e8
11.O-O b6
12.Bc1f4 h5
13.Bf4g5 Nb8d7
14.f4 Qd8e7
15.Be2c4 Bc8b7
16.e5 dxe5
17.f5 Kh7
18.Nc3e4 Re8f8
19.Ra1a3 Qe7e8
20.Bg5xf6 Nd7xf6
21.Ne4xf6 Bg7xf6
22.Ng3xh5 Bf6h8
23.Ra3h3 Kg8
24.Qd1c1 { resign }
1-0

[Event "Tourn. n9920"]
[Site "www.echecsemail.com"]
[Date "2018.10.24"]
[Round "1"]
[White "Minorsana"]
[Black "Rav"]
[WhiteElo "1899"]
[BlackElo "1499"]
[Result "1-0"]
[Round "1"]
1.e4 c6
2.d4 d5
3.e5 Bc8f5
4.Ng1f3 e6
5.Bf1e2 c5
6.Bc1e3 Qd8b6
7.Nb1c3 Nb8c6
8.O-O a6
9.Ra1b1 Ng8h6
10.dxc5 Qb6c7
11.b4 Nc6xe5
12.Nf3xe5 Qc7xe5
13.Be3d4 Qe5c7
14.Be2f3  { time }
1-0

[Event "Match"]
[Site "www.echecsemail.com"]
[Date "2018.10.24"]
[Round "1"]
[White "Alessiov"]
[Black "Calmriver"]
[WhiteElo "2390"]
[BlackElo "1550"]
[Result "0-1"]
[Round "1"]
1.e4 c5
2.Ng1f3 d6
3.d4 cxd4
4.Nf3xd4 Ng8f6
5.Nb1c3 a6
6.Bc1e3 e5
7.Nd4b3 Bf8e7
8.Bf1e2 Bc8e6
9.O-O O-O
10.Qd1d3 b5
11.Nc3d5 Be6xd5
12.exd5 Nb8d7
13.a4 b4
14.Rf1c1 Nd7b6
15.Be2f3 a5
16.c3 bxc3
17.Rc1xc3 Rf8e8
18.Nb3d2 Ra8b8
19.Rc3b3 Qd8c7
20.Rb3b5 Nb6d7
21.Qd3c3 Be7d8
22.Qc3c6 e4
23.Nd2xe4 Nf6xe4
 { time }
0-1

[Event "Tourn. n9888"]
[Site "www.echecsemail.com"]
[Date "2018.10.24"]
[Round "1"]
[White "Paulsyd"]
[Black "Greghghs"]
[WhiteElo "2590"]
[BlackElo "2520"]
[Result "1-0"]
[Round "1"]
1.e4 e6
2.d4 d5
3.Nb1c3 Bf8b4
4.e5 c5
5.a3 Bb4xc3
6.bxc3 Ng8e7
7.Qd1g4 Qd8c7
8.Qg4xg7 Rh8g8
9.Qg7xh7 cxd4
10.Ng1e2 dxc3
11.f4 Nb8c6
12.Qh7d3 d4
13.Ne2xd4 Nc6xd4
14.Qd3xd4 Bc8d7
15.Rh1g1 Ne7f5
16.Qd4f2 Qc7c6
17.Bf1d3 Qc6d5
18.Bc1e3 Nf5xe3
19.Qf2xe3 Rg8xg2
20.Rg1xg2 Qd5xg2
21.O-O-O Qg2d5
22.Rd1g1 O-O-O
23.Qe3xa7 Bd7c6
24.Rg1d1 Qd5d4
25.Qa7xd4 Rd8xd4
26.Rd1f1 Rd4a4
27.h4 Kd8
28.h5 Ke7
29.h6 Ra4a8
30.h7 Ra8h8
31.f5 exf5
32.Bd3xf5 Bc6d5
33.Rf1g1 { resign }
1-0

[Event "Tourn. n9915"]
[Site "www.echecsemail.com"]
[Date "2018.10.24"]
[Round "1"]
[White "Madz123456"]
[Black "Cal"]
[WhiteElo "1690"]
[BlackElo "1690"]
[Result "0-1"]
[Round "1"]
1.e4 e5
2.Ng1f3 d6
3.d4 exd4
4.Nf3xd4 c5
5.Nd4e2 h6
6.Nb1c3 Ng8f6
7.b3 Bc8e6
8.g3 Bf8e7
9.Bf1g2 O-O
10.e5 dxe5
11.Qd1xd8 Rf8xd8
12.Bg2xb7 Nb8d7
13.Bb7xa8 Rd8xa8
14.Bc1b2 a6
15.h3 Nd7b6
16.Nc3d1 Nb6d5
17.Bb2xe5 Nf6e4
18.Nd1c3 Ne4xc3
19.Ne2xc3 Nd5b4
20.O-O-O f6
21.Be5d6 Be7xd6
22.Rd1xd6 Ra8e8
23.a3 Nb4d5
24.Nc3xd5 Be6f5
25.g4 Bf5e4
26.Rh1e1 Re8e5
27.c4 a5
28.Rd6d8 Kf7
29.Rd8d7 Kg6
30.f4 Re5e8
31.f5 Kg5
32.Rd7xg7 Kh4
 { time }
0-1

[Event "Match"]
[Site "www.echecsemail.com"]
[Date "2018.10.24"]
[Round "1"]
[White "Ditto"]
[Black "Fangshuo"]
[WhiteElo "1830"]
[BlackElo "2040"]
[Result "1-0"]
[Round "1"]
1.d4 d5
2.Ng1f3 c5
3.dxc5 Nb8c6
4.Bc1f4 Qd8a5
5.Bf4d2 Qa5xc5
6.e3 Ng8f6
7.Nb1c3  { time }
1-0

[Event "Tourn. n9934"]
[Site "www.echecsemail.com"]
[Date "2018.10.24"]
[Round "1"]
[White "Rons"]
[Black "Tartan"]
[WhiteElo "2660"]
[BlackElo "2600"]
[Result "1/2-1/2"]
[Round "1"]
1.e4 e6
2.d4 d5
3.Nb1c3 Bf8b4
4.e5 Qd8d7
5.a3 Bb4xc3
6.bxc3 b6
7.a4 Bc8a6
8.Bf1xa6 Nb8xa6
9.Qd1d3 Na6b8
10.a5 Ng8e7
11.Ng1f3 Nb8c6
12.axb6 cxb6
13.Bc1a3 Nc6a5
14.Nf3d2 Ra8c8
15.O-O O-O
16.Ba3b4 Na5c4
17.Ra1a6 Nc4xd2
18.Qd3xd2 Rc8c7
19.Rf1a1 Rf8c8
20.Qd2e3 Ne7f5
21.Qe3c1 Rc7b7
22.h3 Rc8c7
23.Ra1a3 Nf5e7
24.Qc1a1 Ne7c6
25.Bb4d6 Rc7c8
26.Qa1f1 Nc6a5
27.Bd6b4 Na5c4
28.Ra3a1 Rb7c7
{ draw }
1/2-1/2

[Event "Tourn. n9888"]
[Site "www.echecsemail.com"]
[Date "2018.10.24"]
[Round "1"]
[White "Alekpax"]
[Black "Greghghs"]
[WhiteElo "2360"]
[BlackElo "2520"]
[Result "0-1"]
[Round "1"]
1.e4 e6
2.d4 d5
3.Nb1d2 c5
4.Ng1f3 cxd4
5.exd5 Qd8xd5
6.Bf1c4 Qd5d6
7.O-O Ng8f6
8.Nd2b3 Nb8c6
9.Nb3xd4 Nc6xd4
10.Nf3xd4 Bc8d7
11.b3 O-O-O
12.h3 Qd6c7
13.Qd1e2 a6
14.Bc1b2 Kb8
15.Ra1d1 Bf8d6
16.Nd4f3 Bd7c6
17.Rf1e1 Bc6xf3
18.Qe2xf3 Bd6h2
19.Kf1 Rd8xd1
20.Qf3xd1 Bh2d6
21.a3 Rh8d8
22.Bc4d3 Nf6d5
23.g3 Ka8
24.Qd1f3 g6
25.b4 Nd5b6
26.Bd3xa6 Nb6c4
27.Ba6xc4 Qc7xc4
28.Qf3e2 Qc4d5
29.Qe2e4 Qd5xe4
30.Re1xe4 Rd8c8
31.c4 b6
32.f4 Kb7
33.Re4d4 Bd6e7
34.Rd4d7 Rc8c7
 { time }
0-1